000 01959nam a2200217Ia 4500
003 Ost
005 20260507074854.0
008 260507s9999||||xx |||||||||||||| ||und||
040 _cfsecg
041 _aara
100 _aسويلم، معتصم نصير
_eمؤلف
245 0 _aالأحكام القانونية للمعاملات المصرفية /
_c معتصم نصير سويلم
260 _aعمان:
_bمؤسسة الوراق للنشر والتوزيع,
_c2004
300 _a398 صفحة؛
_bإيضاحات ؛
_c25 سم
520 _aيضم أحكام خاصة بالاسهم، احكام خاصة بالكمبيلات والأوراق التجارية، أحكام خاصة بالتسهيلات المصرفية، أحكام خاصة بالحوالات، أحكام خاصة بالحساب المشترك، احكام خاصة بالرهن والحجز، أحكام خاصة بالشركة والشركاء، أحكام خاصة بالشيك، أحكام خاصة بالصناديق الحديدية، أحكام خاصة بالضرائب، أحكام خاصة بالضمانات البنكية، أحكام خاصة بطوابع البريدات، أحكام خاصة بالطلبات والاستدعاءات المقدمة للبنك، أحكام خاصة بفتح بعض الحسابات، أحكام خاصة بالكفالات المصرفية وخطابات الضمان، أحكام خاصة بكفالات القروض، أحكام خاصة بالسحب من الحسابات، أحكام خاصة بالعمل، أحكام خاصة بالاعتماد المستندي، أحكام خاصة بالنماذج والصيغ، أحكام خاصة بالوكالات، أحكام خاصة بالوفاة كالارث والوصاية والتركات، أحكام عامة
653 _aالأسهم
653 _aالأوراق التجارية
653 _aالبنوك
653 _aالقانون المالي
942 _cكتاب
999 _c41597
_d41597